Statistics for Jonathan Banks Filmography

Click here to take the quiz!

General Stats

  • This quiz has been taken 29 times
    (8 since last reset)
  • The average score is 31 of 180

Answer Stats

TypeYearName% Correct
TV Show2009-2012Breaking Bad
86%
TV Show2015-2022Better Call Saul
71%
Film2019El Camino: A Breaking Bad Movie
57%
Film2018Incredibles 2
57%
Film1984Beverly Hills Cop
43%
TV Show2015Gravity Falls
43%
Film198248 Hrs.
29%
Film1980Airplane!
29%
Video Game2015Batman: Arkham Knight
29%
Web SeriesTBAConstellation
29%
TV Show2004, 2006CSI: Crime Scene Investigation
29%
TV Show2011CSI: Miami
29%
TV Show2006Ghost Whisperer
29%
Film1984Gremlins
29%
Film2014Horrible Bosses 2
29%
TV Film1984Jessie
29%
Video Game2018Lego The Incredibles
29%
TV Show2009Lie to me*
29%
TV Show1979, 1981Lou Grant
29%
TV Show2011Modern Family
29%
Film2017Mudbound
29%
TV Show2015Robot Chicken
29%
Film2018The Commuter
29%
Film1995Under Siege 2: Dark Territory
29%
TV Show1994Walker, Texas Ranger
29%
TV Show1987-1990Wiseguy
29%
TV Film1996Wiseguy
29%
TV Film1977Alexander: The Other Side of Dawn
14%
TV Show2003Alias
14%
Short Film2016Alibi
14%
Film1986Armed and Dangerous
14%
TV Film1986Assassin
14%
Web Series2021A Tale Dark & Grimm
14%
TV Film1997A Thousand Men and a Baby
14%
Film2014Authors Anonymous
14%
TV Show2013, 2015Axe Cop
14%
TV Show1976, 1977Barnaby Jones
14%
TV Show1981Best of the West
14%
TV Mini-Series2018Better Call Saul: Madrigal Electromotive Security Training
14%
TV Film1993Blind Side
14%
TV Pilot2013Bloodline
14%
TV Show2013Body of Proof
14%
Film1993Boiling Point
14%
TV Film1984Boys in Blue
14%
Film2014BULLET
14%
TV Show1984Cagney & Lacey
14%
TV Show1977Carter Country
14%
TV Show2009Castle
14%
Film2022Catwoman: Hunted
14%
Film2005Circadian Rhythm
14%
TV Show2009Cold Case
14%
Film1987Cold Steel
14%
Film1978Coming Home
14%
TV Show2014Community
14%
TV Show1985Crazy Like a Fox
14%
Film2001Crocodile Dundee in Los Angeles
14%
Film2002Dark Blue
14%
Film1996Dark Breed
14%
TV Show2006-2007Day Break
14%
TV Show1987Designing Women
14%
TV Film1980Desperate Voyage
14%
TV Show2007Dexter
14%
TV Show1996, 2000Diagnosis: Murder
14%
TV Film1998Dollar for the Dead
14%
TV Film1991Don't Touch My Daughter
14%
TV Film1987Downpayment on Murder
14%
Film2001Downward Angel
14%
TV Show2017Dr. Ken
14%
TV Show1995Due South
14%
TV Show2008Eli Stone
14%
TV Show2008ER
14%
TV Show2005E-Ring
14%
TV Show1987Falcon Crest
14%
TV Show1997-1998Fired Up
14%
Web Series2020-2021F Is for Family
14%
Film1996Flipper
14%
Film1999Foolish
14%
Film1982Frances
14%
Film1992Freejack
14%
Film1981Gangster Wars
14%
TV Film1980G.I.'s
14%
TV Show1984, 1985Hardcastle and McCormick
14%
TV Film1996Harvey
14%
TV Show1994Highlander: The Series
14%
TV Show1983Hill Street Blues
14%
TV Show1985Hollywood Beat
14%
Film1990Honeymoon Academy
14%
TV Show1976 How the West Was Won
14%
Short Film2018HP: The Wolf - True Alpha
14%
TV Show1985Hunter
14%
Film2013Identity Thief
14%
TV Mini-Series1979Ike: The War Years
14%
Short Film2015I'm Brave!
14%
Film2001Italian Ties
14%
TV Show2004Joan of Arcadia
14%
Film1995Last Man Standing
14%
TV Show1984Legmen
14%
Film1999Let the Devil Wear Black
14%
TV Show2008Life
14%
Short Film1974Linda's Film on Menstruation
14%
TV Show1980Little House on the Prairie
14%
TV Show2015Major Lazer
14%
TV Film1993Marilyn & Bobby: Her Final Affair
14%
TV Show1994Matlock
14%
TV Show1984Matt Houston
14%
TV Film1997Melanie Darrow
14%
TV Show2014Mike Tyson Mysteries
14%
TV Film1999Millennium Man
14%
TV Show1977Most Wanted
14%
TV Show2007Murder 101
14%
TV Film1983Murder Me, Murder You
14%
TV Film1984Nadia
14%
TV Show1985Otherworld
14%
TV Show2012Parks and Recreation
14%
TV Film1987Perry Mason: The Case of the Lost Love
14%
TV Film1993Perry Mason: The Case of the Skin-Deep Scandal
14%
Film1988Pin
14%
Film2008Proud American
14%
Film2001Proximity
14%
Film2006Puff, Puff, Pass
14%
TV Film1980Rage!
14%
Film2018Redbad
14%
Film2007Reign Over Me
14%
TV Show1982Report to Murphy
14%
TV Show2012Ringer
14%
Short Film2013Roar
14%
TV Film1986Rowdies
14%
Film2002R.S.V.P.
14%
TV Show1981Sanford
14%
TV Show1994, 1995seaQuest DSV
14%
TV Show1981Shannon
14%
TV Show2008Shark
14%
TV Film1979She's Dressed to Kill
14%
Web Series2017Shut Eye
14%
TV Show1982, 1983Simon & Simon
14%
Web Series2016-2018Skylanders Academy
14%
TV Film1994Stalker: Shadow of Obsession
14%
TV Show1993Star Trek: Deep Space Nine
14%
Film1980Stir Crazy
14%
TV Show2003Strong Medicine
14%
TV Show1994Tales from the Crypt
14%
TV Show2017-2020Tangled: The Series
14%
Film2016Term Life
14%
Film1984The Adventures of Buckaroo Banzai Across the 8th Dimension
14%
TV Show2020The Casagrandes
14%
Film1978The Cheap Detective
14%
TV Mini-Series2020The Comey Rule
14%
FilmTBAThe Damaged
14%
TV Show2001The District
14%
TV Show2015The Expanse
14%
TV Film1986The Fifth Missile
14%
TV Film1978The Fighting Nightingales
14%
TV Mini-Series1981The Gangster Chronicles
14%
TV Film1977The Girl in the Empty Grave
14%
TV Film1983The Invisible Woman
14%
TV Mini-Series2019The Legend of Redbad
14%
TV Mini-Series2015The Lizzie Borden Chronicles
14%
TV Film1999The Long Kill
14%
TV Film1977The Night They Took Miss Beautiful
14%
TV Film1979The Ordeal of Patty Hearst
14%
Film1992There Goes the Neighborhood
14%
Film1979The Rose
14%
TV Show2000, 2001The Trouble with Normal
14%
TV Show1979The Waltons
14%
TV Mini-Series1978The Word
14%
Short Film2019They Came and Left
14%
TV Show1982, 1983T.J. Hooker
14%
Film1999Trash
14%
TV Show2011Two and a Half Men
14%
TV Show2012Vegas
14%
Film1994Walker Texas Ranger 3: Deadly Reunion
14%
Film2012Watercolor Postcards
14%
TV Show1983Whiz Kids
14%
TV Film1986Who Is Julia?
14%
Film1978Who'll Stop the Rain
14%
TV Show2006Without a Trace
14%
TV Show1995Women of the House
14%
Theater1974-1975A Little Night Music
0%
TV Show2015MythBusters
0%
TV Show2016, 2017, 2022Talking Saul
0%

Score Distribution

Percentile by Number Answered

Percent of People with Each Score

Your Score History

You have not taken this quiz since the last reset